00330nam a2200157Ia 4500008004000000041000800040082001100048100002300059245002700082260002000109650001000129650001000139650000800149650000700157650000800164210210b1954 xxu||||| |||| 00| 0 eng d aeng a887/50 aSASTRI (Sakuntala) aWomen in the vedic age aBombayb-c1954 aWomen avedic athe ain aage